000 00455nam a2200193Ia 4500
008 240509s9999 xx 000 0 und d
020 _a0008131502473
041 _aEng
082 _a005.74
082 _bK55
100 _aKONCHADY, M.:
245 0 _aTEXT MINING APPLICATION PROGRAMMING :( With CD)
260 _bINDIA : THOMPSON :
260 _c2006
300 _a412 p.
650 _aTEXT MINING : databases
942 _2ddc
942 _cLBK
999 _c23108
_d23108
945 _a1
_bMadushi Gamage
_c1
_dMadushi Gamage